000 00407ntaaa2200169 4500
003 01
005 20251027201356.0
008 0714s1973 ag 01
040 _aAR-BaBN
_bspa
_cAR-BaBN
_eaacr
_dRIC
082 _a225.4000 B47
100 _aBiblia. N.T. Yiddish. 1894
_912155
245 _a[Nuevo Testamento]
250 _a1 ed.
260 _aConstantinopla,
_c1894
300 _a784 p. ;
_c14 cm
942 _cBK
999 _c8251
_d8251